000 00291nam a22001337a 4500
008 181106b xxu||||| |||| 00| 0 eng d
020 _a9780933174993
041 _aeng
080 _a510
100 _a36
101 _aMAT
245 _aMagic Of Mathematics
_cPappas.TH
942 _2udc
_cBK
999 _c51969
_d51969